| 000 | 00612nam a22001937a 4500 | ||
|---|---|---|---|
| 005 | 20151106150834.0 | ||
| 010 | _aPUN-7787 | ||
| 020 | _c160.00 | ||
| 035 | _aPN-6905 | ||
| 037 | _aunistar books | ||
| 082 | _a853.08 | ||
| 100 | _aਕਮਲਜੀਤ ਸਿੰਘ | ||
| 245 | _aਨਵੀਂ ਵਿਧਾ ਦਾ ਨਾਵਲਕਾਰ ਮਿੱਤਰ ਸੈਨ ਮੀਤ / | ||
| 246 |
_aNaven vidha da nowelkaar mitter sen meet _bby Kamaljit Singh |
||
| 250 | _a2012 | ||
| 260 |
_aChandigarh _bUnistar Books |
||
| 300 |
_aPg.96 _b22cmਸਜਿਲਦ |
||
| 942 |
_2ddc _cPN _h853.08 _kਕਮਲ |
||
| 999 |
_c98116 _d98116 |
||